| 000 | 01424nam a22002537a 4500 | ||
|---|---|---|---|
| 003 | CO-CtgCURN | ||
| 005 | 20250424141810.0 | ||
| 008 | 250424b |||||||| |||| 00| 0 eng d | ||
| 020 | _a9789587140736 | ||
| 040 |
_aCO-CtgCURN _bspa _ccoctgcurn |
||
| 082 |
_a611.8 _bB982s |
||
| 100 |
_aBustamante Zuleta, Ernesto _eautor |
||
| 245 |
_aEl sistema nervioso : _bDesde las neuronas hasta el cerebro humano / _cErnesto Bustamante Zuleta. |
||
| 260 |
_aMedellín: _bEditorial Universidad de Antioquía, _c2007. |
||
| 300 |
_axxi, 314 páginas, _bilustraciones, _c24 centímetros. |
||
| 490 | _aSalud. Interés general | ||
| 500 | _aIncluye índice: página305. | ||
| 504 | _aIncluye bibliografía: página 295 | ||
| 505 | _aLa vida.-- Evolución del sistema nervioso.-- Desarrollo del sistema nervioso.-- Las células nerviosas.-- Potenciales eléctricos y canales iónicos.-- La sinapsis.-- Los neurotransmisores.-- Los receptores celulares.-- Neuromodulación.-- Mapeo cerebral con RMF.-- Cerebelo, ganglios basales y movimiento voluntario.-- La conciencia.-- El pensamiento.-- El lenguaje.-- La atención.-- La memoria.-- La percepción.-- La emoción.-- Lateralización de la funciones cerebrales.-- El cerebro dividido.-- El cerebro y los sexos. | ||
| 650 |
_aAnatomía _xEl sistema nervioso |
||
| 650 | _aEl cerebro humano. | ||
| 650 | _aNeurología | ||
| 942 |
_2ddc _cBK _h611.8 _iB982s _n0 |
||
| 999 |
_c30920 _d30920 |
||